[Event "ESP-ch Catalunya U14"]
[Site "Cambrils"]
[Date "2024.03.25"]
[Round "4"]
[White "Tello Alvarez, Erik"]
[Black "Herman Gamazo, Isaac"]
[Result "1-0"]
[WhiteElo "1624"]
[BlackElo "2096"]
[PlyCount "89"]
[EventDate "2024.03.23"]
[EventType "swiss"]
[EventRounds "9"]
[EventCountry "ESP"]
[SourceTitle "EXT 2025"]
[Source "ChessBase"]
[SourceDate "2024.10.14"]
[SourceVersion "1"]
[SourceVersionDate "2024.10.14"]
[SourceQuality "1"]

1. e4 c5 2. Nf3 d6 3. c4 e5 4. Nc3 Nc6 5. Be2 g6 6. a3 Bg7 7. Rb1 a5 8. d3 Nge7 9. 0-0 0-0 10. Bd2 f5 11. Nd5 f4 12. b4 axb4 13. axb4 Nxd5 14. cxd5 Nxb4 15. Bxb4 cxb4 16. Rxb4 g5 17. Nd2 Ra2 18. Nc4 Ra6 19. Bg4 Rf6 20. Qe2 Rf7 21. Rfb1 Bf6 22. Rb6 Rc7 23. Bxc8 Qxc8 24. Rxa6 bxa6 25. Nxd6 Rc1+ 26. Rxc1 Qxc1+ 27. Qf1 Qc3 28. Qb1 Bd8 29. h3 Qc7 30. Nc4 f3 31. g3 Be7 32. Qa1 Qb8 33. Nxe5 Bd6 34. Nxf3 Bxg3 35. e5 Qf8 36. Kg2 Bf4 37. Qxa6 Qf5 38. Qe6+ Qxe6 39. dxe6 Kf8 40. d4 Ke7 41. d5 h5 42. Nd4 g4 43. hxg4 hxg4 44. Nc6+ Ke8 45. d6 1-0